[Event "VIE-ch U13 Girls"]
[Site "Da Lat"]
[Date "2013.07.??"]
[Round "4"]
[White "Nguyen Thi Hoang, An"]
[Black "Vu, Khanh Linh"]
[Result "0-1"]
[WhiteElo "1991"]
[BlackElo "1980"]
[PlyCount "94"]
[EventDate "2013.07.13"]
[EventType "swiss"]
[EventRounds "9"]
[EventCountry "VIE"]
[SourceTitle "EXT 2014"]
[Source "ChessBase"]
[SourceDate "2013.11.20"]
[SourceVersion "1"]
[SourceVersionDate "2013.11.20"]
[SourceQuality "1"]

1. e4 e5 2. Nf3 Nc6 3. Bb5 a6 4. Ba4 Nf6 5. 0-0 b5 6. Bb3 Be7 7. Re1 d6 8. h3 Na5 9. c4 Nxc4 10. Bxc4 bxc4 11. Qa4+ Bd7 12. Qxc4 0-0 13. d4 Bb5 14. Qc2 Re8 15. Nc3 Rb8 16. dxe5 dxe5 17. Nxe5 Bb4 18. Nf3 Bd3 19. Qa4 Nxe4 20. Qd1 Nxc3 21. Rxe8+ Qxe8 22. Qxd3 Ne2+ 23. Kf1 Nxc1 24. Rxc1 Bd6 25. Qxa6 Rxb2 26. Re1 Qb8 27. Qc4 h6 28. Qc6 Qa7 29. Qe8+ Kh7 30. Qe4+ g6 31. Qd4 Qxd4 32. Nxd4 Rxa2 33. Nb5 Bc5 34. Re2 Ra1+ 35. Re1 Rxe1+ 36. Kxe1 Bb6 37. Ke2 Kg7 38. f4 Kf6 39. g4 c5 40. Kd3 Ke6 41. Nc3 f5 42. Ne2 Ba5 43. Kc4 Bb4 44. Nc1 fxg4 45. hxg4 h5 46. gxh5 gxh5 47. Ne2 h4 0-1